Effects of currency movements on natural rubber prices (Record no. 39862)

MARC details
000 -LEADER
fixed length control field 00292nam a2200109Ia 4500
082 ## - DEWEY DECIMAL CLASSIFICATION NUMBER
Classification number NR:04
Item number IRS
245 #0 - TITLE STATEMENT
Title Effects of currency movements on natural rubber prices
260 ## - PUBLICATION, DISTRIBUTION, ETC. (IMPRINT)
Place of publication London
Name of publisher IRSG
650 ## - SUBJECT ADDED ENTRY--TOPICAL TERM
Topical Term Natural rubber prices
942 ## - ADDED ENTRY ELEMENTS (KOHA)
Koha item type Books
Holdings
Withdrawn status Lost status Damaged status Not for loan Home library Current library Date acquired Full call number Accession Number Koha item type
        RRII Library RRII Library 16/12/2021 NR:04 IRS 20180 Books